<?xml version="1.0" encoding="UTF-8"?><collection xmlns="info:lc/xmlns/marcxchange-v2"><record format="Unimarc" type="bibliographic"><leader>00814nam  2200253   450 </leader><controlfield tag="001">2270984</controlfield><controlfield tag="003">http://id.bnportugal.gov.pt/bib/porbase/2270984</controlfield><controlfield tag="005">19981121204200.0</controlfield><datafield ind1=" " ind2=" " tag="010"><subfield code="a">0-471-54897-9</subfield><subfield code="b">cloth )</subfield></datafield><datafield ind1=" " ind2=" " tag="035"><subfield code="a">UCJPII_BC_200.iso/06-12-2010/73136</subfield></datafield><datafield ind1=" " ind2=" " tag="035"><subfield code="a">73549</subfield></datafield><datafield ind1=" " ind2=" " tag="100"><subfield code="a">19950927d1992    km y0pory0103    ba</subfield></datafield><datafield ind1="0" ind2=" " tag="101"><subfield code="a">eng</subfield></datafield><datafield ind1=" " ind2=" " tag="102"><subfield code="a">US</subfield></datafield><datafield ind1="1" ind2=" " tag="200"><subfield code="a">Univariate discrete distributions</subfield><subfield code="f">Norman L. Johnson, Samuel Kotz, Adrienne W. Kemp</subfield></datafield><datafield ind1=" " ind2=" " tag="205"><subfield code="a">2nd ed</subfield></datafield><datafield ind1=" " ind2=" " tag="210"><subfield code="a">New York, [etc.]</subfield><subfield code="c">John Wiley &amp; Sons</subfield><subfield code="d">1992</subfield></datafield><datafield ind1=" " ind2=" " tag="215"><subfield code="a">XXII, 566 p.</subfield><subfield code="d">25 cm</subfield></datafield><datafield ind1="2" ind2=" " tag="225"><subfield code="a">Wiley series in probability and mathematical statistics</subfield></datafield><datafield ind1=" " ind2=" " tag="675"><subfield code="a">311</subfield><subfield code="v">med</subfield><subfield code="z">por</subfield></datafield><datafield ind1=" " ind2=" " tag="675"><subfield code="a">519.2</subfield><subfield code="v">med</subfield><subfield code="z">por</subfield></datafield><datafield ind1=" " ind2="1" tag="700"><subfield code="a">Johnson</subfield><subfield code="b">Norman L.</subfield></datafield><datafield ind1=" " ind2="1" tag="701"><subfield code="a">Kotz</subfield><subfield code="b">Samuel</subfield><subfield code="4">070</subfield></datafield><datafield ind1=" " ind2="1" tag="701"><subfield code="a">Kemp</subfield><subfield code="b">Adrienne W.</subfield><subfield code="4">070</subfield></datafield><datafield ind1=" " ind2="0" tag="801"><subfield code="a">PT</subfield><subfield code="b">UCJPII</subfield><subfield code="g">RPC</subfield></datafield></record></collection>